|
|
|
|
| LEADER |
00000nab a2200000uu 4500 |
| 001 |
vtls011151768 |
| 003 |
SK-MaSNL |
| 005 |
20260303121252.0 |
| 008 |
230131|2007 xo |||||||||||||||||slo| |
| 015 |
|
|
|a SNBRB
|
| 035 |
|
|
|a (urnnbn)urn:nbn:sk:snk:ar-a0a277
|
| 035 |
|
|
|a (uuid)d92ef75c-2d0d-4d4f-8f15-2bb5a2866fb9
|
| 035 |
|
|
|a urn:nbn:sk:snk-abb149
|
| 040 |
|
|
|a SNKBUCL
|b slo
|c SNKBUCL
|e AACR2
|
| 041 |
0 |
|
|a slo
|
| 044 |
|
|
|a xo
|c SK
|
| 100 |
1 |
|
|a Tokárčiková, A.
|4 aut
|9 1134776
|
| 245 |
1 |
0 |
|a Primárny aldosteronizmus
|c A. Tokárčiková
|
| 773 |
0 |
|
|t Vnitřní lékařství : časopis Internistické sekce Československé lékařské společnosti J. E. Purkyně
|g Roč. 53, č. 9 (2007), s. 1000-1002
|
| 954 |
|
|
|a odborná, vedecká literatúra pôvodná (slovenská)
|2 lita
|
| 958 |
|
|
|a OND
|
| 958 |
|
|
|a EUIPO
|
| 958 |
|
|
|a article14
|
| 999 |
|
|
|c 1914447
|d 1916377
|